[Event "Kieler Open 2021"]
[Site "Kiel"]
[Date "2021.07.25"]
[Round "3.36"]
[White "Riechenberg, Sebastia"]
[Black "Kathage, Holger"]
[Result "1-0"]
[WhiteElo "985"]
[BlackElo "1665"]
[Annotator "PS"]
[PlyCount "29"]
[EventDate "2021.??.??"]

1. e4 c5 2. Nf3 e6 3. Nc3 d6 4. d4 cxd4 5. Nxd4 a6 6. Be3 Nf6 7. Nb3 Qc7 8. f3
Be7 9. Qd2 O-O 10. h4 Nbd7 11. g4 Ne5 12. Qf2 Nc4 13. Bxc4 Qxc4 14. h5 a5 15.
Nd2 1-0

[Event "Kieler Open 2021"]
[Site "Kiel"]
[Date "2021.07.25"]
[Round "3.38"]
[White "von Lossow, Marcus"]
[Black "Beerbaum, Philipp"]
[Result "1/2-1/2"]
[WhiteElo "1697"]
[BlackElo "1360"]
[Annotator "PS"]
[PlyCount "121"]
[EventDate "2021.??.??"]

1. e4 c5 2. Nf3 Nc6 3. d4 cxd4 4. Nxd4 Nf6 5. Nc3 e5 6. Ndb5 d6 7. Bg5 a6 8.
Na3 b5 9. Nd5 Be7 10. Nxe7 Nxe7 11. Qd3 Be6 12. c4 bxc4 13. Nxc4 Bxc4 14. Qxc4
Qa5+ 15. Bd2 Qb6 16. Bc3 O-O 17. Bd3 a5 18. O-O Nd7 19. Rfe1 Nc5 20. Qb5 Rfb8
21. Qxb6 Rxb6 22. Bc2 Nc6 23. Rad1 Rd8 24. Rd2 f6 25. Red1 Nb7 26. Bb3+ Kf8 27.
Rd5 Ke7 28. Ba4 Nb4 29. Bxb4 Rxb4 30. Bc6 Rxb2 31. Bxb7 Rxb7 32. Rxa5 Rb2 33.
Ra7+ Rd7 34. Rxd7+ Kxd7 35. Ra1 Rb4 36. f3 Ra4 37. Kf2 Ke6 38. Ke3 Ra3+ 39. Kd2
d5 40. exd5+ Kxd5 41. Kc2 h5 42. Rd1+ Ke6 43. Kb2 Re3 44. Rd2 f5 45. a4 e4 46.
a5 exf3 47. gxf3 Re5 48. a6 Ra5 49. Rg2 Kf6 50. Kc3 Rxa6 51. Kd4 g5 52. Rb2 g4
53. fxg4 hxg4 54. Ke3 Kg5 55. Kf2 Ra3 56. Kg2 Ra6 57. h3 gxh3+ 58. Kxh3 Ra3+
59. Kg2 Kg4 60. Rc2 f4 61. Rb2 1/2-1/2

[Event "Kieler Open 2021"]
[Site "Kiel"]
[Date "2021.07.25"]
[Round "3.39"]
[White "Pennekamp, Christoph"]
[Black "Malinowsky, Celina"]
[Result "1-0"]
[WhiteElo "1541"]
[BlackElo "1366"]
[Annotator "PS"]
[PlyCount "105"]
[EventDate "2021.??.??"]

1. d4 d5 2. Nf3 Nf6 3. e3 Bf5 4. Be2 e6 5. Nbd2 Bd6 6. O-O O-O 7. Nh4 Bg6 8. b3
c6 9. a3 Qc7 10. g3 Nbd7 11. Nxg6 fxg6 12. Bb2 e5 13. c4 Kh8 14. Rc1 exd4 15.
exd4 dxc4 16. Nxc4 Ne4 17. Nxd6 Qxd6 18. Bc4 Ndf6 19. Rc2 Rad8 20. Qf3 Ng5 21.
Qg2 b5 22. Bd3 Ne6 23. Rxc6 Qe7 24. Re1 Rd6 25. Bxb5 Qd7 26. Rxd6 Qxd6 27. Qc6
Qxc6 28. Bxc6 Ng5 29. Kg2 Rc8 30. d5 Rd8 31. Bxf6 gxf6 32. Re8+ Rxe8 33. Bxe8
Kg8 34. d6 Kf8 35. Bc6 Ne6 36. a4 Nd4 37. Bd5 Ke8 38. f4 Kd7 39. Bg8 h6 40. Kf2
Kxd6 41. Ke3 Nc6 42. Bh7 Ne7 43. Kd4 g5 44. Be4 Nc8 45. a5 Ne7 46. b4 Nc8 47.
Bb7 Ne7 48. Kc4 Kc7 49. Be4 Nc8 50. Kd5 Nd6 51. Bd3 Kd7 52. b5 Nb7 53. a6 1-0

[Event "Kieler Open 2021"]
[Site "Kiel"]
[Date "2021.07.25"]
[Round "3.40"]
[White "Sauer, Andreas"]
[Black "Wartenberg, Julian"]
[Result "1/2-1/2"]
[WhiteElo "1180"]
[BlackElo "1408"]
[Annotator "PS"]
[PlyCount "72"]
[EventDate "2021.??.??"]

1. e4 e6 2. d4 d5 3. Nc3 Bb4 4. exd5 exd5 5. Qe2+ Be6 6. Bf4 c6 7. Nf3 h6 8. g3
Nf6 9. Bg2 Ne4 10. Bd2 Nxd2 11. Qxd2 O-O 12. O-O Nd7 13. a3 Be7 14. Rfe1 Nb6
15. b3 Bd6 16. Ne2 Qe7 17. Nf4 Bxa3 18. Bh3 Qb4 19. Nxe6 fxe6 20. Bxe6+ Kh8 21.
Qxb4 Bxb4 22. Re3 a6 23. Ne5 Rf6 24. Ng4 Rg6 25. h3 h5 26. Bf7 Rg5 27. Re5 Rxe5
28. Nxe5 Kh7 29. Bxh5 Rf8 30. Bg4 Na8 31. f4 Nc7 32. Rf1 Nb5 33. Nf3 Bc3 34.
Rd1 Kh6 35. Rd3 Re8 36. Bf5 Rf8 1/2-1/2

[Event "Kieler Open 2021"]
[Site "Kiel"]
[Date "2021.07.25"]
[Round "3.42"]
[White "Peglau, Lorena"]
[Black "Weber, Andreas"]
[Result "0-1"]
[WhiteElo "1005"]
[BlackElo "1696"]
[Annotator "PS"]
[PlyCount "50"]
[EventDate "2021.??.??"]

1. d4 Nf6 2. c4 d6 3. Nc3 g6 4. Nf3 Bg7 5. Bg5 h6 6. Bf4 O-O 7. e3 Nh5 8. Bg3
Nxg3 9. hxg3 Bg4 10. Be2 Nd7 11. O-O e5 12. dxe5 Nxe5 13. Nxe5 Bxe2 14. Qxe2
Bxe5 15. Qc2 h5 16. Ne4 f5 17. Nc3 c6 18. Rad1 Qe7 19. b3 Rad8 20. Rd2 Kg7 21.
Rfd1 h4 22. f4 Bf6 23. Kf2 hxg3+ 24. Kxg3 Qxe3+ 25. Kh2 Rh8# 0-1

[Event "Kieler Open 2021"]
[Site "Kiel"]
[Date "2021.07.25"]
[Round "3.45"]
[White "Wartenberg, Alexander"]
[Black "Hock, Reiner"]
[Result "1-0"]
[WhiteElo "1424"]
[BlackElo "998"]
[Annotator "PS"]
[PlyCount "83"]
[EventDate "2021.??.??"]

1. e4 d6 2. d4 Nf6 3. Nc3 e6 4. Bg5 Be7 5. Nf3 O-O 6. Bc4 Nfd7 7. Bf4 Nb6 8.
Bb3 d5 9. e5 Bd7 10. O-O Nc6 11. a3 Na5 12. Ba2 c5 13. Ne2 c4 14. c3 f6 15. Bb1
Bc6 16. exf6 Bxf6 17. Qc2 g6 18. Bh6 Bg7 19. Bxg7 Kxg7 20. Ne5 Be8 21. Ba2 Nd7
22. Ng4 Nf6 23. Nf4 Bd7 24. Ne5 Qe8 25. Rfe1 Nc6 26. Nxd7 Qxd7 27. Nxe6+ Kg8
28. Nxf8 Rxf8 29. b3 b5 30. a4 a6 31. axb5 axb5 32. bxc4 bxc4 33. Qa4 Qd6 34.
Bb1 Ng4 35. g3 Rxf2 36. Qa8+ Kg7 37. Qb7+ Kh6 38. Qc8 Kh5 39. Ra2 Rxh2 40.
Rxh2+ Nxh2 41. Qh3+ Kg5 42. Qh4# 1-0

[Event "Kieler Open 2021"]
[Site "Kiel"]
[Date "2021.07.25"]
[Round "3.47"]
[White "Langbein, Wolfgang"]
[Black "Tran, Hanna Emilie Ma"]
[Result "0-1"]
[WhiteElo "1353"]
[BlackElo "984"]
[Annotator "PS"]
[PlyCount "60"]
[EventDate "2021.??.??"]

1. d4 g6 2. c4 Bg7 3. Nc3 d6 4. Nf3 e5 5. dxe5 dxe5 6. Qxd8+ Kxd8 7. e4 f6 8.
Be2 Be6 9. b3 Ne7 10. Be3 Nbc6 11. Rd1+ Ke8 12. Nb5 Rc8 13. Nxa7 Nxa7 14. Bxa7
b6 15. c5 bxc5 16. Bxc5 Ra8 17. Rd2 Bh6 18. Rc2 Bf8 19. O-O Nc6 20. Bxf8 Kxf8
21. Rxc6 Rxa2 22. Bc4 Bxc4 23. bxc4 Ke7 24. Rd1 Rha8 25. Rxc7+ Ke8 26. Rxh7 Ra1
27. Rh8+ Ke7 28. Rh7+ Ke6 29. Rhd7 R8a7 30. Rxa7 Rxd1+ 0-1

[Event "Kieler Open 2021"]
[Site "Kiel"]
[Date "2021.07.25"]
[Round "4.1"]
[White "Teske, Henrik"]
[Black "Mitscherling, Andreas"]
[Result "0-1"]
[WhiteElo "2470"]
[BlackElo "2185"]
[Annotator "HJH"]
[PlyCount "104"]
[EventDate "2021.??.??"]

{0} 1. d4 d5 2. c4 dxc4 3. e4 e5 4. Nf3 exd4 5. Bxc4 Bb4+ 6. Nbd2 Nc6 7. O-O
Qf6 8. e5 Qg6 9. Qb3 Nge7 10. a3 Bxd2 11. Bxd2 O-O 12. Rac1 Rb8 13. Rfe1 h6 14.
h3 Be6 15. Bxe6 fxe6 16. Nh4 Qf7 17. Qg3 Kh8 18. b4 g5 19. Nf3 Nf5 20. Qg4 a6
21. a4 Rbc8 22. b5 axb5 23. axb5 Na7 24. Nxd4 Nxd4 25. Qxd4 Nxb5 26. Qe3 Rcd8
27. Rc4 Rd5 {(=)} 28. h4 Qf5 29. hxg5 Rd3 30. Qf4 Qxf4 31. Bxf4 Rd4 32. Rxd4
Nxd4 33. Bc1 h5 34. f3 Kg7 35. Ba3 Rf7 36. Rd1 Rd7 37. Kf2 b6 38. Bb2 c5 39.
Bxd4 cxd4 40. Rb1 Rd5 41. f4 b5 42. Ke2 Kg6 43. Kd3 Kf5 44. g3 Kg4 45. Ke4 Rd8
46. Rb3 b4 47. Rd3 Rb8 48. Rb3 d3 49. g6 d2 50. Rd3 b3 51. g7 b2 52. Rb3 Rg8
0-1

[Event "Kieler Open 2021"]
[Site "Kiel"]
[Date "2021.07.25"]
[Round "4.2"]
[White "Arndt, Magnus"]
[Black "Gaerths, Ronny"]
[Result "1/2-1/2"]
[WhiteElo "2338"]
[BlackElo "2171"]
[Annotator "HJH"]
[PlyCount "38"]
[EventDate "2021.??.??"]

1. e4 e6 2. d4 d5 3. Nc3 Nc6 4. Nf3 Nf6 5. Bd3 Nb4 6. Bg5 Be7 7. e5 Nd7 8. Bxe7
Qxe7 9. Be2 c5 10. Nb5 O-O 11. c3 Nc6 12. Nd6 cxd4 13. cxd4 f6 14. Nxc8 Raxc8
15. exf6 Qb4+ 16. Qd2 Nxf6 17. a3 Qxd2+ 18. Kxd2 Na5 19. Rab1 Nb3+ 1/2-1/2

[Event "Kieler Open 2021"]
[Site "Kiel"]
[Date "2021.07.25"]
[Round "4.3"]
[White "Farokhi, Keyvan"]
[Black "Browning, Alex"]
[Result "1/2-1/2"]
[WhiteElo "2045"]
[BlackElo "2307"]
[Annotator "HJH"]
[PlyCount "72"]
[EventDate "2021.??.??"]

1. e4 c5 2. Nf3 d6 3. d4 cxd4 4. Nxd4 Nf6 5. Nc3 a6 6. Bg5 e6 7. f4 h6 8. Bh4
Qb6 9. Qd2 Qxb2 10. Rb1 Qa3 11. e5 dxe5 12. fxe5 g5 13. Bf2 Ng4 14. Bg3 Nd7 15.
Be2 Ngxe5 16. O-O Bg7 17. Nxe6 fxe6 18. Ne4 Rf8 19. c4 Rxf1+ 20. Rxf1 Qb2 21.
Bh5+ Ke7 22. Qxb2 Nf3+ 23. Rxf3 Bxb2 24. Rf7+ Kd8 25. Bd6 b6 {(=)} 26. Re7 Nc5
27. Re8+ Kd7 28. Bxc5 bxc5 29. Nxc5+ Kd6 30. Bf3 Bd4+ 31. Kf1 Rb8 32. Nb3 Be5
33. c5+ Kd7 34. Rg8 a5 35. c6+ Kc7 36. Nc5 Rb1+ 1/2-1/2

[Event "Kieler Open 2021"]
[Site "Kiel"]
[Date "2021.07.25"]
[Round "4.4"]
[White "Dietz, Florian"]
[Black "Buchholz, Sebastian"]
[Result "0-1"]
[WhiteElo "2277"]
[BlackElo "2151"]
[Annotator "HJH"]
[PlyCount "70"]
[EventDate "2021.??.??"]

1. e4 d6 2. d4 Nf6 3. Nc3 Nbd7 4. Bc4 e5 5. Nf3 Be7 6. Be3 c6 7. Bb3 Qc7 8. Qe2
h6 9. h3 b5 10. a3 a5 11. Nh4 g6 12. Qf3 Rb8 13. Nb1 exd4 14. Bxd4 c5 15. Bc3
b4 16. axb4 axb4 17. Bxf6 Bxf6 18. Qg3 c4 19. Ba4 Bxb2 20. Ra2 Be5 21. Qe3 O-O
22. O-O Nc5 23. Nd2 Be6 24. f4 Bf6 25. f5 Bg5 26. Qf2 c3 27. fxe6 cxd2 28. Bb3
fxe6 29. Nf3 Qb6 30. h4 Bf4 31. Kh1 Nxe4 32. Bxe6+ Kh8 33. Qxb6 Rxb6 34. Nxd2
Ng3+ 35. Kg1 Be3+ 0-1

[Event "Kieler Open 2021"]
[Site "Kiel"]
[Date "2021.07.25"]
[Round "4.5"]
[White "Steffens, Olaf"]
[Black "Schalla, Dieter"]
[Result "0-1"]
[WhiteElo "2145"]
[BlackElo "2043"]
[Annotator "HJH"]
[PlyCount "78"]
[EventDate "2021.??.??"]

1. b4 e5 2. a3 a5 3. b5 Bc5 4. Bb2 d6 5. e3 Qe7 6. c4 Nf6 7. Nc3 Be6 8. Nf3
Nbd7 9. Qc2 Bg4 10. h3 Bh5 11. Nh4 O-O 12. g4 Bg6 13. Nxg6 fxg6 14. Bg2 Rab8
15. g5 Ne8 16. h4 Nb6 17. Ne4 Qf7 18. d4 Qxc4 19. Rc1 exd4 20. Qxc4+ Nxc4 21.
Rxc4 dxe3 22. Nxc5 exf2+ 23. Kf1 dxc5 24. Rxc5 c6 25. h5 gxh5 26. Rxh5 Rd8 27.
Rc1 Nd6 28. bxc6 bxc6 29. Bxc6 Nc4 30. Rh2 Rd2 31. Bd4 Rxd4 32. Rxf2 Rxf2+ 33.
Kxf2 Ne5 34. Bb5 Kf7 35. Rc7+ Kg6 36. Be8+ Kxg5 37. Rxg7+ Kf4 38. Rxh7 Rd2+ 39.
Kf1 Nf3 {(ZÜ)} 0-1

[Event "Kieler Open 2021"]
[Site "Kiel"]
[Date "2021.07.25"]
[Round "4.6"]
[White "Quiring, Nikolai"]
[Black "Weihrauch, Jakob"]
[Result "0-1"]
[WhiteElo "2005"]
[BlackElo "2137"]
[Annotator "HJH"]
[PlyCount "42"]
[EventDate "2021.??.??"]

{0} 1. d4 Nf6 2. c4 e6 3. Nc3 Bb4 4. Qc2 O-O 5. e4 d5 6. e5 Ne4 7. a3 Bxc3+ 8.
bxc3 c5 9. Bb2 cxd4 10. cxd4 Bd7 11. Bd3 Qa5+ 12. Ke2 Ba4 13. Qc1 f5 14. cxd5
Bb5 15. Nh3 Bxd3+ 16. Kxd3 Qb5+ 17. Ke3 Nd7 18. Rd1 Nb6 19. Nf4 g5 20. Nd3 Rac8
21. Qb1 Nxd5+ 0-1

[Event "Kieler Open 2021"]
[Site "Kiel"]
[Date "2021.07.25"]
[Round "4.7"]
[White "Popvasilev, Kaloyan"]
[Black "Peglau, Charis"]
[Result "1-0"]
[WhiteElo "2127"]
[BlackElo "1827"]
[Annotator "HJH"]
[PlyCount "115"]
[EventDate "2021.??.??"]

{0} 1. e4 c6 2. Nc3 d5 3. Nf3 dxe4 4. Nxe4 Nf6 5. Qe2 Nxe4 6. Qxe4 Qd5 7. Qh4
Be6 8. d4 Nd7 9. Bd3 Nb6 10. O-O O-O-O 11. b3 f6 12. c4 Qd7 13. Qe4 g5 14. Bb2
h5 15. Rfe1 Bf7 16. a4 h4 17. a5 Na8 18. a6 b6 19. h3 Rg8 20. Qg4 e6 21. d5 f5
22. dxe6 Bxe6 23. Qd4 Qf7 24. Qe3 Nc7 25. Ne5 Qe8 26. Qf3 g4 27. hxg4 fxg4 28.
Qe4 Bd7 29. Qh7 g3 30. Nxd7 gxf2+ 31. Kxf2 Qxd7 32. Qxd7+ Rxd7 33. Bf5 Bc5+ 34.
Kf3 Rg3+ 35. Ke4 Kd8 36. Bf6+ Be7 37. Bxd7 Kxd7 38. Rad1+ Bd6 39. Rxd6+ Kxd6
40. Be5+ Kc5 41. Bxg3 hxg3 42. Kd3 Nxa6 43. Kc3 Nc7 44. Re3 b5 45. b4+ Kd6 46.
c5+ Kd5 47. Rxg3 Ke5 48. Rg7 Nd5+ 49. Kb3 Ne3 50. Rxa7 Nxg2 51. Re7+ Kd5 52.
Rd7+ Ke5 53. Rd6 Ne3 54. Rxc6 Nc4 55. Rh6 Kd5 56. Kc3 Ne5 57. Rb6 Nd7 58. Rd6+
1-0

[Event "Kieler Open 2021"]
[Site "Kiel"]
[Date "2021.07.25"]
[Round "4.8"]
[White "Helms, Finn"]
[Black "Bus, Tom"]
[Result "1/2-1/2"]
[WhiteElo "1972"]
[BlackElo "2108"]
[Annotator "HJH"]
[PlyCount "93"]
[EventDate "2021.??.??"]

1. e4 c5 2. Nf3 d6 3. d4 cxd4 4. Nxd4 Nf6 5. Nc3 Nc6 6. Be3 Ng4 7. Bb5 Nxe3 8.
fxe3 Bd7 9. Bxc6 bxc6 10. O-O e6 11. Qf3 Qf6 12. Qe2 Qg5 13. Qf3 Qf6 14. Qh5
Qe7 15. e5 d5 16. e4 g6 17. Qg4 Bg7 18. exd5 cxd5 19. Qf4 O-O 20. Rae1 Rab8 21.
b3 Rb4 22. a3 Rbb8 23. g4 Rbc8 24. Rf3 f6 25. exf6 Rxf6 $2 (25... Qxf6) 26.
Nxd5 Rxf4 27. Nxe7+ Kf7 28. Rxf4+ Kxe7 29. c4 Rf8 30. Rxf8 Bxd4+ 31. Rf2 e5 32.
Kf1 Bxg4 33. Rd2 Bh3+ 34. Ke2 Bg4+ 35. Kf1 Bh3+ 36. Rg2 Ke6 37. Ree2 Kf5 38.
Ke1 Bxg2 39. Rxg2 g5 40. Ke2 e4 41. b4 g4 42. c5 h5 43. Rf2+ (43. a4) 43...
Bxf2 44. Kxf2 h4 45. b5 Ke6 46. Ke3 g3 47. h3 1/2-1/2

[Event "Kieler Open 2021"]
[Site "Kiel"]
[Date "2021.07.25"]
[Round "4.9"]
[White "Kort, Felix"]
[Black "Spitzl, Vinzent"]
[Result "0-1"]
[WhiteElo "1816"]
[BlackElo "2346"]
[Annotator "HJH"]
[PlyCount "134"]
[EventDate "2021.??.??"]

{0} 1. d4 f5 2. c4 Nf6 3. g3 g6 4. Bg2 Bg7 5. Nf3 O-O 6. O-O d6 7. Nc3 c6 8. b4
Qc7 9. Qb3 Kh8 10. b5 Be6 11. d5 cxd5 12. cxd5 Bg8 13. Ng5 Nbd7 14. Rb1 Nc5 15.
Qb4 h6 16. Nh3 g5 17. f4 g4 18. Nf2 a5 19. Qa3 b6 20. Rd1 Rac8 21. Bb2 Bh7 22.
Re1 Nce4 23. Nfxe4 fxe4 24. e3 Qc4 25. Bf1 Qb4 26. Qb3 Rc7 27. Red1 Qxb3 28.
axb3 Nd7 29. Na4 Rfc8 30. Bxg7+ Kxg7 31. Bc4 Kf6 32. Rd4 Rb8 33. Be2 h5 34. Rc4
Nc5 35. Rd1 Rbb7 36. Rdc1 Bg6 37. R4c3 Bf7 38. Bc4 Nxa4 39. bxa4 Rc5 40. Bb3
Rbc7 41. Rc4 Rd7 42. Rxc5 dxc5 43. Rd1 Kg7 44. Kf2 Kf8 45. Ke2 Ke8 46. Rd2 Rd6
47. Bc4 Kd7 48. Bb3 Rf6 49. Bc2 Bg6 50. Bb3 Kd6 51. Rd1 {(=)} Rf5 52. Rd2 Bh7
53. Kd1 h4 54. Kc1 hxg3 55. hxg3 Rh5 56. Kd1 Rh3 57. Rg2 Bg8 58. Kc1 Bxd5 59.
Rd2 e6 60. f5 Ke5 61. Bxd5 exd5 62. Rf2 Kf6 63. Rg2 Kxf5 64. Kd2 d4 65. Ke2 Ke5
66. Kd2 Kd5 67. Ke2 Kc4 0-1

[Event "Kieler Open 2021"]
[Site "Kiel"]
[Date "2021.07.25"]
[Round "4.10"]
[White "Thielemann, Joachim"]
[Black "Dittmann, Hans-Adolf"]
[Result "0-1"]
[WhiteElo "1746"]
[BlackElo "2083"]
[Annotator "HJH"]
[PlyCount "80"]
[EventDate "2021.??.??"]

{0} 1. e4 c5 2. Nc3 Nc6 3. g3 g6 4. Bg2 Bg7 5. Nge2 d6 6. d3 e6 7. Be3 Nd4 8.
O-O Ne7 9. Rb1 O-O 10. Qd2 e5 11. f4 Bg4 12. h3 Be6 13. b3 Qd7 14. Kh2 Rae8 15.
Rbe1 f5 16. Ng1 b6 17. Nce2 Qc7 18. c3 Nxe2 19. Rxe2 d5 20. exd5 Nxd5 21. c4
Nxe3 22. Qxe3 Bf7 23. Qf2 Rd8 24. fxe5 Bxe5 25. Qf3 Qd6 26. Rd2 Bf6 27. Ne2
Rfe8 28. Nf4 Bg5 29. h4 Bh6 30. Rff2 Qd4 31. Bf1 Re3 32. Qd1 Rde8 33. Rde2 Rxe2
34. Rxe2 Bxf4 35. Rxe8+ Bxe8 36. gxf4 Qxf4+ 37. Kh3 Qe3+ 38. Kh2 Qf2+ 39. Kh3
f4 40. Be2 Qg3# 0-1

[Event "Kieler Open 2021"]
[Site "Kiel"]
[Date "2021.07.25"]
[Round "4.11"]
[White "Ermert, Karl Hans Rag"]
[Black "Callsen, Niklas"]
[Result "0-1"]
[WhiteElo "1767"]
[BlackElo "2072"]
[Annotator "HJH"]
[PlyCount "60"]
[EventDate "2021.??.??"]

{0} 1. e4 c5 2. Nc3 a6 3. f4 b5 4. Qe2 Bb7 5. Nf3 e6 6. d3 b4 7. Nd1 Be7 8. g3
d5 9. Bg2 dxe4 10. dxe4 Nf6 11. Nf2 Nc6 12. O-O Qb6 13. b3 a5 14. Rd1 a4 15.
Bb2 a3 16. Bxf6 gxf6 17. e5 f5 18. Nd2 Nd4 19. Qd3 Bxg2 20. Kxg2 Qc6+ 21. Kg1
h5 22. Nc4 Nf3+ 23. Kf1 Nxh2+ 24. Ke2 Rd8 25. Qe3 Rxd1 26. Rxd1 Qg2 27. Nd6+
Kf8 28. Qxc5 Qxg3 29. Nxf5 Qf3+ 30. Ke1 Qxd1+ 0-1

[Event "Kieler Open 2021"]
[Site "Kiel"]
[Date "2021.07.25"]
[Round "4.12"]
[White "Karheily, Somar"]
[Black "Garbuszus, Jürgen"]
[Result "1-0"]
[WhiteElo "1725"]
[BlackElo "2025"]
[Annotator "HJH"]
[PlyCount "87"]
[EventDate "2021.??.??"]

{0} 1. d4 f5 2. Bf4 Nf6 3. e3 g6 4. Be2 Bg7 5. h3 d6 6. Nc3 e6 7. Qd2 Qe7 8. g4
Ne4 9. Nxe4 fxe4 10. Bg3 O-O 11. h4 c5 12. h5 g5 13. h6 Bh8 14. f4 gxf4 15.
Bxf4 cxd4 16. Rh5 e5 17. Bg3 Bf6 18. Nh3 Nc6 19. O-O-O Be6 20. g5 Bh8 21. Rg1
d5 22. Bh4 Qd7 23. g6 hxg6 24. Rxg6+ Kf7 25. Rhg5 Ke8 26. Rxe6+ Qxe6 27. Bh5+
Ke7 28. Rxe5+ Kd6 29. Rxe6+ Kxe6 30. Bg4+ Kd6 31. Bg3+ Kc5 32. exd4+ Bxd4 33.
Nf4 Rae8 34. c3 Bg1 35. Qxd5+ Kb6 36. Qb3+ Kc5 37. Ne6+ Rxe6 38. Qxe6 Be3+ 39.
Kc2 Rd8 40. b4+ Kb6 41. Bd6 Bg5 42. Bc5+ Kc7 43. h7 e3 44. Bxe3 1-0

[Event "Kieler Open 2021"]
[Site "Kiel"]
[Date "2021.07.25"]
[Round "4.13"]
[White "Meyer, Jürgen"]
[Black "Bräutigam, Katerina"]
[Result "0-1"]
[WhiteElo "2011"]
[BlackElo "1738"]
[Annotator "HJH"]
[PlyCount "94"]
[EventDate "2021.??.??"]

{0} 1. e4 c6 2. d4 d5 3. e5 Bf5 4. c4 dxc4 5. Bxc4 e6 6. Nc3 Nd7 7. Nge2 Ne7 8.
O-O Nb6 9. Bb3 Ned5 10. Ng3 Bg6 11. Nce4 Be7 12. f4 Bxe4 13. Nxe4 Qd7 14. Nc5
Bxc5 15. dxc5 Nc8 16. f5 exf5 17. Qf3 Nce7 18. Bg5 h6 19. Bxe7 Qxe7 20. Rac1 g6
21. Bxd5 cxd5 22. Qxd5 O-O 23. Qd6 Rfe8 24. Rfe1 Rad8 25. Qxe7 Rxe7 26. c6 bxc6
27. Rxc6 Rd2 28. e6 Kg7 29. Ra6 Rxb2 30. Rxa7 Rxa7 31. e7 Rxe7 32. Rxe7 Rxa2
33. Rb7 f4 34. Rc7 g5 35. Rc4 Kg6 36. Rb4 Kf5 37. Rb6 h5 38. Rh6 Kg4 39. Rb6 h4
40. h3+ Kf5 41. Rb5+ Kg6 42. Rb6+ f6 43. Rc6 Kf5 44. Rb6 f3 45. gxf3 Kf4 46.
Rxf6+ Kg3 47. Kf1 Rf2+ 0-1

[Event "Kieler Open 2021"]
[Site "Kiel"]
[Date "2021.07.25"]
[Round "4.14"]
[White "Gut, Raphael"]
[Black "Blietschau, Volker"]
[Result "0-1"]
[WhiteElo "1736"]
[BlackElo "2010"]
[Annotator "HJH"]
[PlyCount "120"]
[EventDate "2021.??.??"]

{0} 1. d4 d5 2. c4 dxc4 3. e3 Nf6 4. Bxc4 Bg4 5. Qb3 e6 6. Qxb7 Nbd7 7. Nc3 Bd6
8. f3 Bh5 9. e4 e5 10. Nge2 O-O 11. O-O exd4 12. Nb5 Rb8 13. Qa6 Bc5 14. Nbxd4
Bxd4+ 15. Nxd4 Nc5 16. Nc6 Qe8 17. Qxa7 Qxc6 18. Be3 Nfd7 19. Bd5 Qb6 20. Qa3
c6 21. Bc4 Qb4 22. Qxb4 Rxb4 23. b3 Ne6 24. Rfd1 Ndc5 25. Rac1 Rc8 26. Bxc5
Nxc5 27. Bxf7+ Bxf7 28. Rxc5 Rb7 29. Rd6 Rbc7 30. Kf2 Kf8 31. Ke3 Ke7 32. Rd2
Ra7 33. Rdc2 Kd6 34. e5+ Kd7 35. f4 Bd5 36. g4 Rca8 37. b4 Ra3+ 38. Kd2 Rxa2
39. b5 Rxc2+ 40. Kxc2 Ra2+ 41. Kd3 Rxh2 42. bxc6+ Bxc6 43. e6+ Kd6 44. Rg5 g6
45. f5 Be8 46. Ke4 Rb2 (46... h6) 47. f6 Kxe6 48. Re5+ Kxf6 49. g5+ Kf7 50. Ra5
Rb4+ 51. Kf3 Bc6+ 52. Kg3 Rb5 53. Ra7+ Bb7 54. Kg4 Ke6 55. Ra1 Rb4+ 56. Kh3 Kf5
57. Ra5+ Kf4 58. Kh2 Rb2+ 59. Kg1 Rg2+ 60. Kf1 Rxg5 0-1

[Event "Kieler Open 2021"]
[Site "Kiel"]
[Date "2021.07.25"]
[Round "4.15"]
[White "Krieglstein, Marcel"]
[Black "Jarosch, Wolfram"]
[Result "1-0"]
[WhiteElo "1962"]
[BlackElo "1731"]
[Annotator "HJH"]
[PlyCount "37"]
[EventDate "2021.??.??"]

{0} 1. d4 Nf6 2. c4 e5 3. dxe5 Ng4 4. Bf4 Bb4+ 5. Nc3 Nc6 6. Nf3 Qe7 7. Qd5 d6
8. exd6 cxd6 9. e3 Be6 10. Qd2 Nge5 11. Bxe5 dxe5 12. a3 Rd8 13. Qc2 Ba5 14. b4
Bc7 15. Bd3 Bg4 16. Nd5 Qd7 17. Ng5 h6 18. Ne4 b6 19. Nef6+ 1-0

[Event "Kieler Open 2021"]
[Site "Kiel"]
[Date "2021.07.25"]
[Round "4.16"]
[White "Tatliak, Stefan"]
[Black "Schiller, Thomas"]
[Result "1/2-1/2"]
[WhiteElo "1700"]
[BlackElo "1956"]
[Annotator "HJH"]
[PlyCount "37"]
[EventDate "2021.??.??"]

1. e4 e5 2. Nf3 Nc6 3. Bb5 f5 4. exf5 e4 5. Ng1 Nf6 6. Be2 h5 7. d3 d5 8. Bg5
Bxf5 9. d4 Be7 10. c3 g6 11. Nd2 Qd7 12. Qa4 Bg4 13. h3 Bf5 14. f3 Kf8 15. fxe4
Nxe4 16. Nxe4 Bxe4 17. Bxe7+ Qxe7 18. Nf3 Kg7 19. O-O 1/2-1/2

[Event "Kieler Open 2021"]
[Site "Kiel"]
[Date "2021.07.25"]
[Round "4.17"]
[White "Hufendiek, Ekkehard"]
[Black "Ahrens, Gunnar"]
[Result "1-0"]
[WhiteElo "1954"]
[BlackElo "1692"]
[Annotator "HJH"]
[PlyCount "65"]
[EventDate "2021.??.??"]

{0} 1. e4 g6 2. d4 Bg7 3. Bc4 c6 4. a4 d5 5. exd5 cxd5 6. Ba2 e6 7. Nf3 Ne7 8.
O-O O-O 9. Bg5 Nbc6 10. Qd2 Qb6 11. c3 Nf5 12. Na3 Nd6 13. Bh6 Ne4 14. Qe3 Qxb2
15. Bxg7 Kxg7 16. Nb5 a6 17. Nc7 Rb8 18. c4 Qc3 19. Qf4 Qa5 20. cxd5 exd5 21.
Bxd5 Nc3 22. Bc4 Be6 23. Nxe6+ (23. Bxe6 Ne2+) 23... fxe6 24. Qe3 Rbe8 25. Ng5
Rf6 26. Rac1 Nd5 {(=)} 27. Qh3 h6 28. Ne4 Rf4 29. Nc5 Nxd4 30. Bxd5 exd5 31.
Qd7+ Rf7 32. Qxe8 Qd2 33. Ne6+ 1-0

[Event "Kieler Open 2021"]
[Site "Kiel"]
[Date "2021.07.25"]
[Round "4.18"]
[White "Basey, Matthew"]
[Black "Lambrecht, Niklas"]
[Result "1-0"]
[WhiteElo "1922"]
[BlackElo "1654"]
[Annotator "HJH"]
[PlyCount "73"]
[EventDate "2021.??.??"]

{0} 1. d4 Nf6 2. Nf3 d5 3. c4 e6 4. cxd5 exd5 5. Nc3 c6 6. Bg5 Be7 7. Qc2 O-O
8. e3 Ne4 9. Bf4 Nxc3 10. bxc3 Nd7 11. Bd3 Nf6 12. h3 Bd6 13. Bxd6 Qxd6 14. O-O
Re8 15. Ne5 h6 16. c4 dxc4 17. Bxc4 Be6 18. Rab1 Re7 19. Bxe6 Qxe6 20. Rfc1 Rc8
21. Nd3 b6 22. Qc4 Nd7 23. d5 Qe4 24. Qa6 Ree8 25. Rb4 Qxd5 26. Rd4 Qe6 27. Nf4
Qe7 28. Qxa7 Red8 29. Rcd1 Ra8 30. Qb7 Rab8 31. Qxc6 Rbc8 32. Qd6 Qxd6 33. Rxd6
Rc7 34. Nd5 Rb7 35. Nxb6 Nxb6 36. Rxd8+ Kh7 37. Rb1 1-0

[Event "Kieler Open 2021"]
[Site "Kiel"]
[Date "2021.07.25"]
[Round "4.19"]
[White "Peglau, Dora"]
[Black "Bräutigam, Alexander"]
[Result "1-0"]
[WhiteElo "1906"]
[BlackElo "1555"]
[Annotator "HJH"]
[PlyCount "97"]
[EventDate "2021.??.??"]

{0} 1. d4 Nf6 2. c4 e6 3. Nf3 Be7 4. Nc3 b6 5. Bf4 Bb7 6. e3 O-O 7. Be2 d5 8.
O-O c5 9. Rc1 Nbd7 10. cxd5 Nxd5 11. Nxd5 Bxd5 12. a3 Nf6 13. dxc5 Bxc5 14. b4
Bd6 15. Bxd6 Qxd6 16. Bc4 Rfd8 17. Bxd5 Qxd5 18. Qa4 Rac8 19. Rxc8 Rxc8 20.
Qxa7 Qd8 21. Ne5 Qc7 22. Qxc7 Rxc7 23. Rd1 h6 24. g3 Nd5 25. e4 Nc3 26. Rd8+
Kh7 27. Rd7 Rxd7 28. Nxd7 b5 29. Nc5 Ne2+ 30. Kf1 Nd4 31. a4 bxa4 32. Nxa4 Kg6
33. f4 Kf6 34. Nc3 Ke7 35. Kf2 Kd6 36. g4 Nc2 37. e5+ Kc6 38. b5+ Kc5 39. h4
Nd4 40. Ke3 Nxb5 41. Nxb5 Kxb5 {(=)} 42. h5 Kc5 43. f5 exf5 44. gxf5 Kc6 $2 (
44... Kd5 45. Kf4 Kc6 46. e6 Kd6 $11) 45. Kd4 Kd7 46. Kd5 Ke7 47. e6 Kd8 48.
Kd6 Ke8 49. e7 1-0

[Event "Kieler Open 2021"]
[Site "Kiel"]
[Date "2021.07.25"]
[Round "4.20"]
[White "Schmieder, Kerstin"]
[Black "Peglau, Mirjam"]
[Result "1/2-1/2"]
[WhiteElo "1658"]
[BlackElo "1906"]
[Annotator "HJH"]
[PlyCount "98"]
[EventDate "2021.??.??"]

1. d4 f5 2. Nc3 g6 3. e4 d6 4. Nf3 Nf6 5. e5 dxe5 6. Nxe5 Nbd7 7. Bf4 e6 8. Bc4
Nxe5 9. Bxe5 Bd6 10. Qe2 O-O 11. O-O-O c6 12. h4 Nd5 13. Rd3 b5 14. Bxd5 exd5
15. f4 b4 16. Na4 Bxe5 17. fxe5 Ba6 18. Nc5 Bxd3 19. Qxd3 Qe7 20. Qg3 a5 21. e6
Qg7 22. Qf4 Ra7 23. Kd2 Qc7 24. Qg5 Qe7 25. Qf4 a4 26. Rh3 b3 27. axb3 axb3 28.
Rxb3 Qc7 29. Qh6 Qh2 30. Qg5 Qg1 31. Qf4 Qxg2+ 32. Kd3 Qh3+ 33. Kd2 Qg2+ 34.
Kd3 Qg4 35. Qf2 f4 36. Nd7 Qg3+ 37. Ke2 Qxf2+ 38. Kxf2 Rfa8 39. Kf3 Kg7 40.
Kxf4 Re8 41. Nc5 Kf6 42. Kg4 h5+ 43. Kg3 Ree7 44. Rf3+ {(=)} Kg7 45. Kf4 Kf6
46. Kg3+ Kg7 47. Kf4 Kf6 48. Kg3+ Kg7 49. Kf4 Kf6 1/2-1/2